Every Taylor Swift Song - Statistics

General Stats
  • This quiz has been taken 34 times
  • The average score is 153 of 273
Answer Stats
Chronological Album No. Title % Correct
2006.10.24 Taylor Swift 4 A Place In This World
100%
2008.11.11 Fearless 1 Fearless
100%
2008.11.11 Fearless 2 Fifteen
100%
2008.11.11 Fearless 4 Hey Stephen
100%
2010.10.25 Speak Now 15 Ours
100%
2006.10.24 Taylor Swift 2 Picture To Burn
100%
2006.10.24 Taylor Swift 1 Tim McGraw
100%
2008.11.11 Fearless 6 You Belong With Me
100%
2020.07.24 Folklore 8 august
89%
2010.10.25 Speak Now 3 Back to December
89%
2022.10.21 Midnights 9 Bejeweled
89%
2010.10.25 Speak Now 10 Better Than Revenge
89%
2020.07.24 Folklore 14 betty
89%
2014.10.27 1989 2 Blank Space
89%
2008.11.11 Fearless 7 Breathe
89%
2020.07.24 Folklore 2 cardigan
89%
2014.10.27 1989 13 Clean
89%
2010.10.25 Speak Now 5 Dear John
89%
2024.04.19 The Tortured Poets Department 2 The Tortured Poets Department
89%
2017.11.10 Reputation 9 Getaway Car
89%
2010.10.25 Speak Now 12 Haunted
89%
2022.10.21 Midnights 1 Lavender Haze
89%
2008.11.11 Fearless 3 Love Story
89%
2022.10.21 Midnights 2 Maroon
89%
2019.08.23 Lover 16 ME!
89%
2010.10.25 Speak Now 6 Mean
89%
2010.10.25 Speak Now 1 Mine
89%
2006.10.24 Taylor Swift 11 Our Song
89%
2017.11.10 Reputation 1 ...Ready For It?
89%
22.10.2012 Red 2 Red
89%
2014.10.27 1989 6 Shake It Off
89%
2010.10.25 Speak Now 4 Speak Now
89%
2020.07.24 Folklore 3 the last great american dynasty
89%
2019.08.23 Lover 4 The Man
89%
22.10.2012 Red 8 We Are Never Ever Getting Back Together
89%
2014.10.27 1989 1 Welcome To New York
89%
2020.12.11 Evermore 1 willow
89%
2019.08.23 Lover 14 You Need To Calm Down
89%
22.10.2012 Red 6 22
78%
22.10.2012 Red 5 All Too Well
78%
2022.10.21 Midnights 3 Anti-Hero
78%
22.10.2012 Red 24 Babe
78%
2014.10.27 1989 8 Bad Blood
78%
2020.12.11 Evermore 2 champagne problems
78%
2019.08.23 Lover 2 Cruel Summer
78%
2017.11.10 Reputation 5 Delicate
78%
2017.11.10 Reputation 4 Don't Blame Me
78%
2010.10.25 Speak Now 9 Enchanted
78%
2014.10.27 1989 10 How You Get the Girl
78%
22.10.2012 Red 4 I Knew You Were Trouble
78%
2019.08.23 Lover 3 Lover
78%
2014.10.27 1989 4 Out of the Woods
78%
2014.10.27 1989 18 Say Don't Go
78%
2006.10.24 Taylor Swift 9 Should've Said No
78%
2014.10.27 1989 17 "Sl*t!"
78%
22.10.2012 Red 9 Stay Stay Stay
78%
2006.10.24 Taylor Swift 3 Teardrops On My Guitar
78%
2020.07.24 Folklore 1 the 1
78%
2008.11.11 Fearless 12 The Best Day
78%
2025.10.03 The Life Of A Showgirl 12 The Life of a Showgirl
78%
2014.10.27 1989 11 This Love
78%
2010.10.25 Speak Now 22 Timeless
78%
2010.10.25 Speak Now 18 When Emma Falls in Love
78%
2008.11.11 Fearless 5 White Horse
78%
2014.10.27 1989 9 Wildest Dreams
78%
22.10.2012 Red 16 Begin Again
67%
2008.12.01 Other 5 Best Days Of Your Life
67%
2008.11.11 Fearless 26 Bye Bye Baby
67%
2022.06.24 Other 26 Carolina
67%
2006.10.24 Taylor Swift 5 Cold As You
67%
2010.10.25 Speak Now 20 Castles Crumbling
67%
2020.12.11 Evermore 15 evermore
67%
2008.11.11 Fearless 11 Forever & Always
67%
2014.10.27 1989 21 Is It Over Now?
67%
2008.11.11 Fearless 14 Jump Then Fall
67%
2010.10.25 Speak Now 13 Last Kiss
67%
2010.10.25 Speak Now 14 Long Live
67%
2017.11.10 Reputation 6 Look What You Made Me Do
67%
2006.10.24 Taylor Swift 10 Mary's Song (Oh My My My)
67%
2008.11.11 Fearless 22 Mr. Perfectly Fine
67%
2010.10.25 Speak Now 8 Never Grow Up
67%
2010.10.25 Speak Now 2 Sparks Fly
67%
2006.10.24 Taylor Swift 8 Stay Beautiful
67%
2008.11.11 Fearless 24 That's When
67%
2010.10.25 Speak Now 7 The Story of Us
67%
2006.10.24 Taylor Swift 7 Tied Together with a Smile
67%
2008.11.11 Fearless 20 Today Was A Fairytale
67%
2022.10.21 Midnights 8 Vigilante Sh*t
67%
2008.11.11 Fearless 9 You're Not Sorry
67%
2019.08.23 Lover 19 All Of The Girls You Loved Before
56%
2006.10.24 Taylor Swift 14 A Perfectly Good Heart
56%
2024.04.19 The Tortured Poets Department 6 But Daddy I Love Him
56%
2008.11.11 Fearless 13 Change
56%
2022.10.21 Midnights 20 Dear Reader
56%
2019.08.23 Lover 10 Death By A Thousand Cuts
56%
2020.12.11 Evermore 9 coney island
56%
2024.04.19 The Tortured Poets Department 8 Florida!!!
56%
2020.12.11 Evermore 6 no body, no crime
56%
2022.10.21 Midnights 4 Snow on the Beach
56%
2008.11.11 Fearless 21 You All Over Me
56%
2008.11.11 Fearless 25 Don't You
56%
2020.12.11 Evermore 8 dorothea
56%
2017.11.10 Reputation 12 Dress
56%
2025.10.03 The Life Of A Showgirl 2 Elizabeth Taylor
56%
2017.11.10 Reputation 2 End Game
56%
2020.07.24 Folklore 13 epiphany
56%
2020.07.24 Folklore 4 exile
56%
2022.10.21 Midnights 18 Glitch
56%
2017.11.10 Reputation 8 Gorgeous
56%
2020.12.11 Evermore 7 happiness
56%
2022.10.21 Midnights 17 High Infidelity
56%
2013.03.25 Other 13 Highway Don't Care
56%
2019.08.23 Lover 1 I Forgot That You Existed
56%
2014.10.27 1989 12 I Know Places
56%
2020.07.24 Folklore 10 illicit affairs
56%
2006.10.24 Taylor Swift 13 Invisible
56%
2020.12.11 Evermore 17 it's time to go
56%
2020.12.11 Evermore 10 ivy
56%
2022.10.21 Midnights 11 Karma
56%
2019.08.23 Lover 11 London Boy
56%
2020.07.24 Folklore 12 mad woman
56%
2020.12.11 Evermore 13 marjorie
56%
2022.10.21 Midnights 6 Midnight Rain
56%
2020.07.24 Folklore 6 mirrorball
56%
2014.10.27 1989 16 New Romantics
56%
2017.11.10 Reputation 15 New Year's Day
56%
2022.10.21 Midnights 16 Paris
56%
2021.07.02 Other 23 Renegade
56%
2020.12.11 Evermore 16 right where you left me
56%
22.10.2012 Red 21 Ronan
56%
22.10.2012 Red 12 Sad Beautiful Tragic
56%
2017.11.10 Reputation 7 So It Goes...
56%
2019.08.23 Lover 12 Soon You'll Get Better
56%
22.10.2012 Red 1 State of Grace
56%
2014.10.27 1989 3 Style
56%
2008.11.11 Fearless 18 Superstar
56%
2022.10.21 Midnights 12 Sweet Nothing
56%
2019.08.23 Lover 5 The Archer
56%
2022.10.21 Midnights 14 The Great War
56%
2022.02.11 Other 25 The Joker and the Queen
56%
2020.07.24 Folklore 17 the lakes
56%
22.10.2012 Red 13 The Lucky One
56%
2024.04.19 The Tortured Poets Department 31 The Manuscript
56%
2006.10.24 Taylor Swift 6 The Outside
56%
2017.11.10 Reputation 13 This Is Why We Can't Have Nice Things
56%
2020.12.11 Evermore 4 'tis the damn season
56%
2020.12.11 Evermore 5 tolerate it
56%
2008.11.11 Fearless 15 Untouchable
56%
2024.06.21 Other 28 us.
56%
2008.11.11 Fearless 23 We Were Happy
56%
2022.10.21 Midnights 19 Would've, Could've, Should've
56%
2019.08.23 Lover 15 Afterglow
44%
2006.10.24 Other 1 Beautiful Eyes
44%
22.10.2012 Red 22 Better Man
44%
2017.11.10 Reputation 14 Call It What You Want
44%
2024.04.19 The Tortured Poets Department 20 Chloe or Sam or Sophia or Marcus
44%
2007.10.14 Other 3 Christmases When You Were Mine
44%
2024.04.19 The Tortured Poets Department 16 Clara Bow
44%
2020.12.11 Evermore 14 closure
44%
2008.11.11 Fearless 17 Come In With the Rain
44%
2019.08.23 Lover 9 Cornelia Street
44%
2020.12.11 Evermore 11 cowboy like me
44%
2017.11.10 Reputation 11 Dancing With Our Hands Tied
44%
2019.08.23 Lover 18 Daylight
44%
22.10.2012 Red 23 Nothing New
44%
2022.10.21 Midnights 22 You're Losing Me
44%
2025.10.03 The Life Of A Showgirl 5 Eldest Daughter
44%
2010.10.25 Speak Now 17 Electric Touch
44%
22.10.2012 Red 27 Forever Winter
44%
2024.04.19 The Tortured Poets Department 1 Fortnight
44%
2020.12.11 Evermore 3 gold rush
44%
2022.10.21 Midnights 21 Hits Different
44%
2020.07.24 Folklore 16 hoax
44%
22.10.2012 Red 11 Holy Ground
44%
2016.12.09 Other 16 I Don't Wanna Live Forever
44%
2008.11.11 Fearless 16 If This Was A Movie
44%
2006.10.24 Taylor Swift 12 I'm Only Me When I'm With You
44%
2010.10.25 Speak Now 11 Innocent
44%
2019.08.23 Lover 6 I Think He Knows
44%
2014.10.27 1989 7 I Wish You Would
44%
2017.11.10 Reputation 10 King of My Heart
44%
2020.12.11 Evermore 12 long story short
44%
2022.10.21 Midnights 13 Mastermind
44%
22.10.2012 Red 25 Message In A Bottle
44%
2019.08.23 Lover 7 Miss Americana & The Heartbreak Prince
44%
2020.07.24 Folklore 5 my tears ricochet
44%
2014.10.27 1989 19 Now That We Don't Talk
44%
2025.10.03 The Life Of A Showgirl 3 Opalite
44%
2019.08.23 Lover 8 Paper Rings
44%
2020.07.24 Folklore 15 peace
44%
2022.10.21 Midnights 7 Question... ?
44%
22.10.2012 Red 28 Run
44%
2012.03.27 Other 10 Safe & Sound
44%
2020.07.24 Folklore 7 seven
44%
2024.04.19 The Tortured Poets Department 22 So High School
44%
22.10.2012 Red 15 Starlight
44%
2010.10.25 Speak Now 16 Superman
44%
2013.10.21 Other 14 Sweeter Than Fiction
44%
2008.11.11 Fearless 8 Tell Me Why
44%
2024.04.19 The Tortured Poets Department 19 The Albatross
44%
2024.04.19 The Tortured Poets Department 15 The Alchemy
44%
2024.04.19 The Tortured Poets Department 17 The Black Dog
44%
2024.04.19 The Tortured Poets Department 29 The Bolter
44%
2025.10.03 The Life Of A Showgirl 1 The Fate of Ophelia
44%
22.10.2012 Red 10 The Last Time
44%
22.10.2012 Red 17 The Moment I Knew
44%
2008.11.11 Fearless 19 The Other Side of the Door
44%
2008.11.11 Fearless 10 The Way I Loved You
44%
2020.07.24 Folklore 9 this is me trying
44%
22.10.2012 Red 3 Treacherous
44%
2014.10.27 1989 14 Wonderland
44%
2025.10.03 The Life Of A Showgirl 9 Wood
44%
2022.10.21 Midnights 5 You're on Your Own, Kid
44%
2025.10.03 The Life Of A Showgirl 7 Actually Romantic
33%
22.10.2012 Red 20 All Too Well (10 Minute Version)
33%
2014.10.27 1989 5 All You Had To Do Was Stay
33%
2019.11.15 Other 18 Beautiful Ghosts
33%
2009.03.20 Other 8 Bein' with My Baby
33%
2022.10.21 Midnights 15 Bigger Than The Whole Sky
33%
2021.08.27 Other 24 Birch
33%
2025.10.03 The Life Of A Showgirl 10 CANCELLED!
33%
2024.04.19 The Tortured Poets Department 27 Cassandra
33%
2007.10.14 Other 4 Christmas Must Be Something More
33%
2019.12.06 Other 19 Christmas Tree Farm
33%
22.10.2012 Red 18 Come Back... Be Here
33%
2009.03.20 Other 7 Crazier
33%
22.10.2012 Red 26 I Bet You Think About Me
33%
2024.04.19 The Tortured Poets Department 13 I Can Do It With a Broken Heart
33%
2024.04.19 The Tortured Poets Department 3 My Boy Only Breaks His Favorite Toys
33%
2024.04.19 The Tortured Poets Department 14 The Smallest Man Who Ever Lived
33%
2024.04.19 The Tortured Poets Department 4 Down Bad
33%
22.10.2012 Red 14 Everything Has Changed
33%
2012.03.27 Other 11 Eyes Open
33%
2019.08.23 Lover 13 False God
33%
2025.10.03 The Life Of A Showgirl 4 Father Figure
33%
2010.10.25 Speak Now 21 Foolish One
33%
2024.04.19 The Tortured Poets Department 7 Fresh Out the Slammer
33%
2021.02.18 Other 21 Gasoline
33%
22.10.2012 Red 19 Girl At Home
33%
2024.04.19 The Tortured Poets Department 9 Guilty as Sin?
33%
2025.10.03 The Life Of A Showgirl 11 Honey
33%
2024.04.19 The Tortured Poets Department 21 How Did It End?
33%
22.10.2012 Red 7 I Almost Do
33%
2024.04.19 The Tortured Poets Department 11 I Can Fix Him (No Really I Can)
33%
2010.10.25 Speak Now 19 I Can See You
33%
2017.11.10 Reputation 3 I Did Something Bad
33%
2024.04.19 The Tortured Poets Department 23 I Hate It Here
33%
2024.04.19 The Tortured Poets Department 25 I Look in People's Windows
33%
2024.04.19 The Tortured Poets Department 18 imgonnagetyouback
33%
2020.07.24 Folklore 11 invisible string
33%
2019.08.23 Lover 17 It's Nice To Have A Friend
33%
2022.10.21 Midnights 10 Labyrinth
33%
2024.04.19 The Tortured Poets Department 12 loml
33%
2019.11.15 Other 17 Macavity
33%
2020.01.31 Other 20 Only the Young
33%
2024.04.19 The Tortured Poets Department 28 Peter
33%
2024.04.19 The Tortured Poets Department 30 Robin
33%
2025.10.03 The Life Of A Showgirl 6 Ruin The Friendship
33%
2024.04.19 The Tortured Poets Department 5 So Long, London
33%
2014.10.27 1989 20 Suburban Legends
33%
2024.04.19 The Tortured Poets Department 24 thanK you aIMee
33%
2023.04.28 Other 27 The Alcott
33%
2024.04.19 The Tortured Poets Department 26 The Prophecy
33%
22.10.2012 Red 29 The Very First Night
33%
2016.04.29 Other 15 This Is What You Came For
33%
2009.10.19 Other 9 Two Is Better Than One
33%
2024.04.19 The Tortured Poets Department 10 Who's Afraid of Little Old Me?
33%
2025.10.03 The Life Of A Showgirl 8 Wi$h Li$t
33%
2014.10.27 1989 15 You Are In Love
33%
2009.03.20 Other 6 You'll Always Find Your Way Back Home
33%
2021.05.21 Other 22 1 step forward, 3 steps back
22%
2012.05.22 Other 12 Both of Us
22%
2007.01.01 Other 2 This Is Really Happening
22%
No matching quizzes found
Score Distribution
Percent of People with Each Score
Percentile by Number Answered
Your Score History
You have not taken this quiz